Jenson Button's F1 Career - Statistics

General Stats
  • This quiz has been taken 608 times
  • The average score is 15 of 22
Answer Stats
Answers % Correct
McLaren
99%
Brawn GP
94%
Lewis Hamilton
92%
Fernando Alonso
89%
BAR
86%
15
84%
Sebastian Vettel
82%
8
81%
Rubens Barrichello
81%
Honda
76%
Williams
71%
Stoffel Vandoorne
65%
Sergio Perez
60%
Kevin Magnussen
57%
Renault
56%
Benetton
48%
Giancarlo Fisichella
45%
Jarno Trulli
45%
Ralf Schumacher
45%
Takuma Sato
41%
Jacques Villeneuve
40%
Anthony Davidson
20%
No matching quizzes found
Score Distribution
Percent of People with Each Score
Percentile by Number Answered
Your Score History
You have not taken this quiz